000 00701nam a22002177a 4500
003 UA-OsUOA
001 132606
007 ta
008 20180828b un ||||| |||| 00| 0 ukr d
100 _aЗаїчко І. В.
090 _a330(477)
_bЗ-17
942 _cSA
040 _aUA-OsUOA
_bukr
_cUA-OsUOA
_dUA-OsUOA
245 _aОцінка зарубіжного досвіду реалізації бюджетної політики у сфері міжбюджетних відносин
300 _aС.40-47
955 _a0
041 _aukr
080 _a330(477)
773 0 _w132604
_tСтатистика України
_dК.
_d2018
_g1
650 7 _a330 Економіка взагалі
_2UDC
999 _c419330
_d419330